000 01086nam0a2200301 i 4500
001 RU\NLR\BIBL_A\010779621
005 20240921105556.0
010 _a9785985851335
_9500
021 _aRU
_b2015-33124
_91959
035 _a(NILC)RuMoRGB-007921116
035 _a(NLR Aleph) 010779621
090 _a10060654
_c10060654
100 _a20150610d2014 m y0rusy50 ca
101 0 _arus
102 _aRU
105 _aa z 010ay
200 1 _aБумеранг
_eпроза прошлого века
_e[к 70-летию Великой Отечественной войны 1941-1945 годов]
_fпрот. Рафаил Яганов
210 _aМосква
_cТехинформ
_d2014
215 _a191 с.
_cил.
_d21
300 _aНа обл.: 70, помним войну
686 2 _aШ6(2=Р)8-44
700 1 _aЯганов
_bР. С.
_cсвященник
_f1935-
_gРафаил Сергеевич
_9143905
_3RU\NLR\AUTH\770143941
801 0 _aRU
_bРГБ
_c20150428
_gRCR
942 _cBOOK
980 _aNBR